000 00758nam a2200205 a 4500
001 000023321
005 20240510073819.0
008 101202s2006 pr ac 000 | spa d
040 _aDO-SdBNP
_bspa
_cBNPHU
082 _a291.4
_bA526n
100 1 _aAmparo Rivera, Roberto
_948031
245 1 0 _aNo me dejes solo :
_buna pastoral comunitaria de cuidado, afirmación y acompañamiento /
_cRoberto Amparo Rivera ; prólogo de Pablo A. Jiménez.
260 _aRío Piedras, (Puerto Rico) :
_bEdiciones Palabra y más,
_c2006.
300 _a196 p. :
_bil. , retrs ;
_c21 cm.
500 _aIncluye referencias bibliográficas
650 4 _aVida religiosa
_915864
650 0 _aVida cristiana
_9668
700 1 _aJiménez, Pablo A.,
_epról.
_948032
049 _aBNGR
999 _c22818
_d22818